Southville International School and Colleges
Your cart is empty.
  • Cart
  • Lists
    Public lists Eva Luna New books Lux_list list_1
    Your lists Log in to create your own lists
  • Log in to your account
  • Your cookies
  • Search history
Southville International School and Colleges
  • Advanced search
  • Recent comments
  • Most popular
  • Libraries

Log in to your account

Log in with GOOGLE


If you do not have an external account, but do have a local account, you can still log in:

  1. Home
  2. MARC view: Mathematical history :
Normal view MARC view ISBD view

Mathematical history : (Record no. 101961)

[ view plain ]
MARC details
000 -LEADER
fixed length control field 00770nam a2200181 a 4500
005 - DATE AND TIME OF LATEST TRANSACTION
control field 20140412111222.0
008 - FIXED-LENGTH DATA ELEMENTS--GENERAL INFORMATION
fixed length control field 020530s19uu xx 00 eng d
020 ## - INTERNATIONAL STANDARD BOOK NUMBER
International Standard Book Number 0-87353-138-8
050 ## - LIBRARY OF CONGRESS CALL NUMBER
Classification number TR(GS 372.7
Item number M57 1978
100 ## - MAIN ENTRY--PERSONAL NAME
Personal name Mitchell, Merle
245 ## - TITLE STATEMENT
Title Mathematical history :
Remainder of title activities, puzzles, stories, and games /
Statement of responsibility, etc by Merle Mitchell ; illustrations by Barbara Rives.
260 ## - PUBLICATION, DISTRIBUTION, ETC. (IMPRINT)
Place of publication, distribution, etc Virginia :
Name of publisher, distributor, etc The National Council of Teachers of Mathematics, Inc,
Date of publication, distribution, etc 1995.
300 ## - PHYSICAL DESCRIPTION
Extent 74 p. ; ill.
520 ## - SUMMARY, ETC.
Summary, etc Presents the history and principles of mathematics through puzzles, stories, and games.
650 ## - SUBJECT ADDED ENTRY--TOPICAL TERM
Topical term or geographic name as entry element Mathematics-History
General subdivision Study and teaching (Elementary)
-- Juvenile literature
650 ## - SUBJECT ADDED ENTRY--TOPICAL TERM
Topical term or geographic name as entry element Mathematical recreations
General subdivision Juvenile literature
Holdings
Withdrawn status Lost status Damaged status Use restrictions Home library Current library Shelving location Date acquired Source of acquisition Total Checkouts Full call number Barcode Date last seen Price effective from Koha item type
        Elizalde Library Elizalde Library Teachers Reference Section 05/30/2002     TR(GS 372.7 M57 1978 E0191 04/12/2014 04/12/2014 Books

Mathematical history :

APA

Mitchell M., . (1995). Mathematical history. Virginia: The National Council of Teachers of Mathematics, Inc.

Chicago

Mitchell Merle, . 1995. Mathematical history. Virginia: The National Council of Teachers of Mathematics, Inc.

Harvard

Mitchell M., . (1995). Mathematical history. Virginia: The National Council of Teachers of Mathematics, Inc.

MLA

Mitchell Merle, . Mathematical history. Virginia: The National Council of Teachers of Mathematics, Inc. 1995.

  • Place hold
  • Print
  • Cite
  • Add to your cart (remove)
  • Save record
    BIBTEX Dublin Core MARCXML MARC (non-Unicode/MARC-8) MARC (Unicode/UTF-8) MARC (Unicode/UTF-8, Standard) MODS (XML) RIS
  • More searches
    Search for this title in:
    Other Libraries (WorldCat) Other Databases (Google Scholar) Online Stores (Bookfinder.com) Open Library (openlibrary.org)

Exporting to Dublin Core...

SOUTHVILLE LIBRARY

Southville International School and Colleges Library

1281 Tropical Ave. Cor. Luxembourg St., BF Homes International, Las Pinas City

Tel. No. 8256374 / 252358 Loc. 117/146

Powered by Koha